| 000 | 00616nam a2200169 a 4500 | ||
|---|---|---|---|
| 005 | 20140412111232.0 | ||
| 008 | 001116s19uu xx 00 eng d | ||
| 020 | _a4-915249-59-X | ||
| 050 |
_aER _bMo86 1989 |
||
| 245 |
_aA mouse gratitude : _cillustrated by Shogo Hirata. _bthe foolish tiger and the foolish leopard outsmarting the cat / |
||
| 260 |
_aTokyo : _bJoie, _c1989. |
||
| 300 | _a25 p. ; col. ; ill. | ||
| 440 | _aIllustrated Fantasy Book for Children | ||
| 500 | _aContents: A Mouse gratitude -- The Foolish tiger and the foolish leopard -- Outsmarting the cat. | ||
| 650 | _aFables | ||
| 999 |
_c102212 _d102212 |
||